| 000 | 00000nam##2200000za#4500 |
| 001 | 9.601623 |
| 003 | CaOODSP |
| 005 | 20210624210148 |
| 007 | cr ||||||||||| |
| 008 | 150406|2002||||xxc|||||o f|0| 0 fre|d |
| 040 | |aCaOODSP|bfre |
| 043 | |an-cn--- |
| 086 | 1 |aYC23-0/371-16F-PDF |
| 110 | 1 |aCanada. |bParlement. |bSénat. |bComité permanent des affaires étrangères et du commerce international. |
| 245 | 13|aLe Canada, la Russie et l'Ukraine : |h[ressource électronique]|bétablir de nouvelles relations / |cL'honorable Peter Stollery, président ; l'honorable Raynell Andreychuk, vice-présidente. |
| 246 | 3 |aRapport du Comité sénatorial permanent des affaires étrangères |
| 260 | |aOttawa - Ontario : |bSénat. |cJuin 2002. |
| 300 | |a132p.|bcartes (certaines en couleur), références, tableaux |
| 490 | 1 |aRapport du Comité sénatorial permanent des affaires étrangères et du commerce international|v[37e législature, 1re session, 16e rapport] |
| 590 | |a11-12-Supp|b2011-07-29 |
| 775 | 08|tCanada, Russia and Ukraine : |w(CaOODSP)9.570978 |
| 830 | #0|aRapport du Comité sénatorial permanent des affaires étrangères et du commerce international ;|v[37e législature, 1re session, 16e rapport]|w(CaOODSP)9.501654 |
| 856 | 40|ahttp://publications.gc.ca|qPDF|s923 Ko|uhttps://publications.gc.ca/collections/collection_2011/sen/yc23-0/YC23-0-371-16-fra.pdf|y[37e législature, 1re session, 16e rapport] |